000 00293nam a22001337a 4500
008 190227b xxu||||| |||| 00| 0 eng d
020 _a9780130909541
041 _aeng
080 _a510
100 _a38
101 _aMAT
245 _aBasic College Mathematics
_cTobey, J
942 _2udc
_cBK
999 _c54361
_d54361